000 00669nam a2200229Ia 4500
005 20250108124937.0
008 008 250107s9999 xx 000 0 eng d
020 _a978-93-83056-29-3
037 _aTB
040 _aCRL
_beng
_cCRL
041 _aeng
_2eng
084 _aO152,3N43x Q2
084 _qCRL
100 _aRice Condoleezza Au.
_9730119
245 0 _aNo higher honour: a memoir of my years in Washington
_cRice Condoleezza Au.
260 _aLondon, UK
_bSimon & Schuster
_c2768
300 _axviii,766p.
365 _aINR
_b300
650 _aUNITED STATES - HISTORY
_931585
942 _cTB
_hO152,3N43x Q2
999 _c1235156
_d1235156